Ciencia, tecnología e innovación para el desarrollo económico/ (Registro nro. 95271)

Detalles MARC
000 -LEADER
campo de control de longitud fija 01957nac a2200517 i 4500
001 - NÚMERO DE CONTROL
campo de control MOR01000095597
003 - IDENTIFICADOR DE NÚMERO DE CONTROL
campo de control mxdfmo
005 - FECHA Y HORA DE LA ÚLTIMA TRANSACCIÓN
campo de control 20260417140239.0
007 - CAMPO FIJO DE DESCRIPCIÓN FÍSICA--INFORMACIÓN GENERAL
campo de control de longitud fija ta
008 - DATOS DE LONGITUD FIJA--INFORMACIÓN GENERAL
campo de control de longitud fija 120224s2011 somd grbi l000 spa d
020 ## - NÚMERO INTERNACIONAL ESTÁNDAR DEL LIBRO
Número Internacional Estándar del Libro 9786077775225
035 ## - NÚMERO DE CONTROL DEL SISTEMA
Número de control de sistema 130016
040 ## - FUENTE DE CATALOGACIÓN
Centro catalogador/agencia de origen mxcmmo
Lengua de catalogación spa
Normas de descripción rda
Centro/agencia transcriptor mxcmmo
041 0# - CÓDIGO DE IDIOMA
Código de lengua del texto/banda sonora o título independiente spa
043 ## - CÓDIGO DE ÁREA GEOGRÁFICA
Código de área geográfica n-mx-so
045 ## - PERIODO DE TIEMPO DEL CONTENIDO
Código de periodo de tiempo y0y1
082 04 - NÚMERO DE LA CLASIFICACIÓN DECIMAL DEWEY
Número de clasificación 306.4
Número de ítem CIE.te
245 00 - MENCIÓN DEL TÍTULO
Título Ciencia, tecnología e innovación para el desarrollo económico/
Mención de responsabilidad, etc. coordinación Alvaro Bracamontes Sierra, Oscar F. Contreras Montellano ; prólogo Moisés Gómez Reyna
264 ## - PRODUCCIÓN, PUBLICACIÓN, DISTRIBUCIÓN, FABRICACIÓN Y COPYRIGHT
Nombre del de productor, editor, distribuidor, fabricante Consejo Estatal de Ciencia y Tecnología,
Fecha de producción, publicación, distribución, fabricación o copyright 2011.
264 #1 - PRODUCCIÓN, PUBLICACIÓN, DISTRIBUCIÓN, FABRICACIÓN Y COPYRIGHT
Producción, publicación, distribución, fabricación y copyright Hermosillo, Sonora:
Nombre del de productor, editor, distribuidor, fabricante El Colegio de Sonora,
Fecha de producción, publicación, distribución, fabricación o copyright 2011.
300 ## - DESCRIPCIÓN FÍSICA
Extensión 374 páginas:
Otras características físicas diagrs.;
Dimensiones 22 cm
336 ## - TIPO DE CONTENIDO
Término de tipo de contenido texto
Código de tipo de contenido txt
Fuente rdacontent
337 ## - TIPO DE MEDIO
Nombre/término del tipo de medio sin medio
Código del tipo de medio n
Fuente rdamedia
338 ## - TIPO DE SOPORTE
Nombre/término del tipo de soporte volumen
Código del tipo de soporte nc
Fuente rdacarrier
504 ## - NOTA DE BIBLIOGRAFÍA, ETC.
Nota de bibliografía, etc. Nota Incluye bibliografía
650 #7 - PUNTO DE ACCESO ADICIONAL DE MATERIA--TÉRMINO DE MATERIA
Término de materia o nombre geográfico como elemento de entrada Ciencia
Subdivisión general Aspectos económicos
Subdivisión geográfica Sonora
9 (RLIN) 165978
650 #7 - PUNTO DE ACCESO ADICIONAL DE MATERIA--TÉRMINO DE MATERIA
Término de materia o nombre geográfico como elemento de entrada Desarrollo económico
Subdivisión general Aspectos tecnológicos
Subdivisión geográfica Sonora
9 (RLIN) 165979
650 #7 - PUNTO DE ACCESO ADICIONAL DE MATERIA--TÉRMINO DE MATERIA
Término de materia o nombre geográfico como elemento de entrada Industrias
Subdivisión general Aspectos tecnológicos
Subdivisión geográfica Sonora
9 (RLIN) 165980
650 #7 - PUNTO DE ACCESO ADICIONAL DE MATERIA--TÉRMINO DE MATERIA
Término de materia o nombre geográfico como elemento de entrada Innovaciones técnicas
Subdivisión geográfica Sonora
9 (RLIN) 162875
700 1# - ENTRADA AGREGADA--NOMBRE PERSONAL
Nombre de persona Bracamonte Sierra, Alvaro
Término indicativo de función/relación coordinador
9 (RLIN) 144710
700 1# - ENTRADA AGREGADA--NOMBRE PERSONAL
Nombre de persona Contreras Montellano, Oscar F.
Término indicativo de función/relación coordinador
9 (RLIN) 165981
700 1# - ENTRADA AGREGADA--NOMBRE PERSONAL
Nombre de persona Gómez Reyna, Moisés
Término indicativo de función/relación prologuista
9 (RLIN) 165982
710 2# - ENTRADA AGREGADA--NOMBRE DE ENTIDAD CORPORATIVA
Nombre de entidad corporativa o nombre de jurisdicción como elemento de entrada Consejo Estatal de Ciencia y Tecnología (Hermosillo, Sonora)
9 (RLIN) 162877
710 2# - ENTRADA AGREGADA--NOMBRE DE ENTIDAD CORPORATIVA
Nombre de entidad corporativa o nombre de jurisdicción como elemento de entrada El Colegio de Sonora
9 (RLIN) 33111
900 ## - ELEMENTOS DE DATOS A LOCAL, LDA (RLIN)
Nombre de persona CAT
Numeración Verónica Silva
Títulos y otros términos asociados al nombre 20130110
Lenguaje de la obra MOR01
-- 1434
900 ## - ELEMENTOS DE DATOS A LOCAL, LDA (RLIN)
Nombre de persona KLAS
Numeración 30
Títulos y otros términos asociados al nombre 20130301
Lenguaje de la obra MOR01
-- 1347
900 ## - ELEMENTOS DE DATOS A LOCAL, LDA (RLIN)
Nombre de persona KLAS
Numeración 30
Títulos y otros términos asociados al nombre 20130301
Lenguaje de la obra MOR01
-- 1349
900 ## - ELEMENTOS DE DATOS A LOCAL, LDA (RLIN)
Nombre de persona KLAS
Numeración 30
Títulos y otros términos asociados al nombre 20130301
Lenguaje de la obra MOR01
-- 1349
900 ## - ELEMENTOS DE DATOS A LOCAL, LDA (RLIN)
Nombre de persona MARC21
Numeración 40
Títulos y otros términos asociados al nombre 20130311
Lenguaje de la obra MOR01
-- 1225
900 ## - ELEMENTOS DE DATOS A LOCAL, LDA (RLIN)
Nombre de persona MARY
Numeración 05
Títulos y otros términos asociados al nombre 20121109
Lenguaje de la obra MOR01
-- 1434
900 ## - ELEMENTOS DE DATOS A LOCAL, LDA (RLIN)
Nombre de persona MARY
Numeración 05
Títulos y otros términos asociados al nombre 20121109
Lenguaje de la obra MOR01
-- 1434
900 ## - ELEMENTOS DE DATOS A LOCAL, LDA (RLIN)
Nombre de persona VOBO
Numeración 40
Títulos y otros términos asociados al nombre 20130304
Lenguaje de la obra MOR01
-- 1120
904 ## - ELEMENTOS DE DATOS D LOCAL, LDD (RLIN)
a UPDATE
942 ## - ELEMENTOS DE ENTRADA SECUNDARIOS (KOHA)
Código de la institución [OBSOLETO] BK
901 ## - ELEMENTOS DE DATOS A LOCAL LDA (RLIN)
a Verónica Silva
Existencias
Estatus retirado Estado de pérdida Fuente del sistema de clasificación o colocación Estado de daño No para préstamo Colección Biblioteca de origen Biblioteca actual Ubicación en estantería Fecha de adquisición Fuente de adquisición Número de inventario Total de préstamos Signatura topográfica completa Código de barras Visto por última vez Precio de reemplazo Tipo de ítem Koha
    Clasificación Decimal Dewey     Libros (General) Biblioteca Instituto Mora Biblioteca Instituto Mora Regular 10/01/2013   122248   (G)/306.4 CIE.te 33068001238599 03/09/2024 03/09/2024 Libro préstamo regular